[Event "AUTO-OPEN-1466"]
[Site "http://www.queenalice.com/game.php?id=551093"]
[Date "2009.3.6"]
[Round "1"]
[White "kingdave"]
[Black "Vjdom"]
[Result "1-0"]
[WhiteElo "1866"]
[BlackElo "1552"]

1. d4 d5 2. Nf3 e6 3. Nc3 f6 4. Bf4 Bd6 5. Bxd6 Qxd6 6. e3 Ne7 7. Nb5 Qb4+ 8. c3
Qa5 9. b4 Qb6 10. Qa4 O-O 11. Na3 Bd7 12. Qc2 a5 13. Bd3 f5 14. bxa5 Qxa5 15.
Qb2 Nec6 16. Nc2 f4 17. O-O fxe3 18. Nxe3 e5 19. dxe5 Be6 20. Ng5 Nxe5 21. Bxh7+
Kh8 22. Nxe6 Kxh7 23. Nxf8+ Kg8 24. Ne6 Nbd7 25. Qd2 Qb6 26. Ng5 Qf6 27. Nxd5
Qd6 28. Ne4 Nc4 29. Nxd6 Nxd2 30. Rfd1 cxd6 31. Rxd2 Rf8 32. Rb1 Ne5 33. Rxb7
Nc4 34. Ne7+ Kh7 35. Rd4 Kh6 36. Rxc4 d5 37. Rh4+ Kg5 38. g3 Rf3 39. Nxd5 g6 40.
Ne3 Rf6 41. Rb5+ Rf5 42. Nxf5 gxf5 43. Rf4 Kf6 44. Rbxf5+ Ke6 45. Ra5 Kd6 46.
Rf6+ Ke7 47. Rh6 Kf7 48. Ra7+ Kg8 49. Rd6 Kf8 50. Rd8# 1-0

[Event "AUTO-OPEN-1466"]
[Site "http://www.queenalice.com/game.php?id=551094"]
[Date "2009.3.6"]
[Round "1"]
[White "Vjdom"]
[Black "kingdave"]
[Result "0-1"]
[WhiteElo "1563"]
[BlackElo "1823"]

1. e4 Nf6 2. d3 e5 3. Nf3 Nc6 4. Bg5 Be7 5. h4 d5 6. Nc3 d4 7. Nb5 a6 8. Na3 Bg4
9. Be2 Bxf3 10. Bxf3 Bb4+ 11. c3 dxc3 12. bxc3 Bxc3+ 13. Kf1 Bxa1 14. Qxa1 Qxd3+
15. Be2 Qxa3 16. Rh3 Qb4 17. a3 Qxe4 18. f3 Qd4 19. Qb1 Rb8 20. g3 e4 21. h5
exf3 22. Bxf3 Ne5 23. Qe1 O-O 24. h6 Nxf3 25. Qf2 Qxf2+ 26. Kxf2 Nxg5 27. Rh4
gxh6 28. Ke3 Rfe8+ 29. Kf2 Rbd8 30. Rf4 Nh3+ 31. Kf3 Nxf4 32. Kxf4 Rd3 33. g4
Re4+ 34. Kf5 Rd5+ 35. Kxf6 Re6# 0-1

[Event "AUTO-OPEN-1466"]
[Site "http://www.queenalice.com/game.php?id=551113"]
[Date "2009.3.6"]
[Round "1"]
[White "Drica"]
[Black "Vjdom"]
[Result "0-1"]
[WhiteElo "1727"]
[BlackElo "1502"]

1. e4 e5 2. Qf3 f6 3. Bc4 Bb4 4. Qg3 Qe7 5. c3 b5 6. Bxb5 Qc5 7. Qxg7 Qxb5 8.
Qxh8 Ba6 9. Qxg8+ Ke7 10. Qxh7+ Kd6 11. cxb4 Qf1# 0-1

[Event "AUTO-OPEN-1466"]
[Site "http://www.queenalice.com/game.php?id=551114"]
[Date "2009.3.6"]
[Round "1"]
[White "Vjdom"]
[Black "Drica"]
[Result "1-0"]
[WhiteElo "1542"]
[BlackElo "1697"]

1. e4 e5 2. d3 Qf6 3. Nf3 b5 4. Nc3 c6 5. Bg5 Qd6 6. Ne2 h6 7. Be3 Qb4+ 8. c3
Qxb2 9. Nxe5 b4 10. Nc4 Qxc3+ 11. Nxc3 bxc3 12. a3 Nf6 13. h3 g5 14. Bd4 Bg7 15.
Bxc3 Kd8 16. Nd6 Ke7 17. Nf5+ Kf8 18. Bb4+ Kg8 19. Ne7+ Kh7 20. h4 g4 21. g3 Ba6
22. e5 Nd5 23. Qxg4 Nxb4 24. Qf5# 1-0

[Event "AUTO-OPEN-1466"]
[Site "http://www.queenalice.com/game.php?id=551125"]
[Date "2009.3.6"]
[Round "1"]
[White "Vjdom"]
[Black "jotat"]
[Result "0-1"]
[WhiteElo "1565"]
[BlackElo "2110"]

1. e4 e6 2. d3 Nc6 3. Nf3 Be7 4. c3 Nf6 5. e5 Nd5 6. c4 Nb6 7. Bd2 d6 8. d4 dxe5
9. dxe5 Nd7 10. Bc3 Bb4 11. Bd2 Ndxe5 12. Nxe5 Bxd2+ 13. Nxd2 Nxe5 14. c5 Nd3+
15. Bxd3 Qxd3 16. Qa4+ Bd7 17. Qb4 Bc6 18. Qc3 Rd8 19. Nc4 Qxc3+ 20. bxc3 Bxg2
21. Rg1 Bd5 22. Ne5 O-O 23. c4 Be4 24. Rg4 Bf5 25. Rg5 f6 26. Rxf5 exf5 27. Nf3
Rd3 28. Ke2 Rc3 29. Rd1 Re8+ 30. Kf1 Rxf3 31. Rd7 Ra3 32. Rxc7 Rxa2 33. Rxb7
Ree2 34. Rb8+ Kf7 35. Rb7+ Kg6 36. c6 Rxf2+ 37. Kg1 Rfd2 38. Rb1 f4 39. c7 Rg2+
40. Kf1 Rxh2 41. c8=Q Rh1# 0-1

[Event "AUTO-OPEN-1466"]
[Site "http://www.queenalice.com/game.php?id=551126"]
[Date "2009.3.6"]
[Round "1"]
[White "jotat"]
[Black "Vjdom"]
[Result "1-0"]
[WhiteElo "2080"]
[BlackElo "1542"]

1. d4 d5 2. Nc3 c6 3. e4 Qa5 4. e5 e6 5. Nf3 b5 6. Bd3 Ba6 7. O-O Nd7 8. Bd2 b4
9. Ne2 c5 10. dxc5 Bxc5 11. a3 Qb6 12. Bxa6 Qxa6 13. axb4 Bxf2+ 14. Rxf2 Qb6 15.
Ned4 Ne7 16. c3 f6 17. Qa4 a5 18. Re2 O-O 19. Qxd7 Rad8 20. Qxe7 Rf7 21. Qc5 Qa6
22. Rxa5 Qd3 23. Nxe6 Re8 24. Qc6 fxe5 25. Qxe8+ Rf8 26. Qxf8# 1-0

[Event "Challenge"]
[Site "http://www.queenalice.com/game.php?id=566109"]
[Date "2009.4.3"]
[Round "-"]
[White "Vjdom"]
[Black "knight401"]
[Result "0-1"]
[WhiteElo "1558"]
[BlackElo "1441"]

1. d4 d5 2. e3 e6 3. Nf3 c5 4. Bb5+ Nc6 5. dxc5 Bxc5 6. a3 a5 7. O-O Nf6 8. Qd3
O-O 9. Qc3 Qb6 10. a4 Bd7 11. e4 Nxe4 12. Qd3 Bxf2+ 13. Kh1 Bc5 14. Ng5 Nxg5 15.
Bxg5 Nb4 16. Qe2 Nc6 17. Bd3 Qxb2 18. Qh5 g6 19. Bf6 Qxa1 20. Qh6 Qxf6 21. Rxf6
Nb4 22. Be2 Nxc2 23. h4 Be3 24. Qxf8+ Kxf8 25. g4 Bxa4 26. h5 gxh5 27. gxh5 Nd4
28. Bg4 Rc8 29. Rf1 Rc1 30. Rxc1 Bxc1 31. Nc3 b5 32. Na2 Bb2 33. Kg2 b4 34. Nxb4
axb4 35. Kg3 Bb5 36. Kh4 Be2 37. Bh3 Bc1 38. Kg3 b3 39. Bg4 Bxg4 40. Kxg4 b2 41.
Kh4 b1=Q 42. Kg4 Qf5+ 43. Kh4 Bf4 44. h6 Nf3# 0-1

[Event "Challenge"]
[Site "http://www.queenalice.com/game.php?id=568770"]
[Date "2009.4.8"]
[Round "-"]
[White "Vjdom"]
[Black "Martin_Stahl"]
[Result "0-1"]
[WhiteElo "1529"]
[BlackElo "1756"]

1. d4 d5 2. e3 Nf6 3. Nf3 e6 4. Ne5 Bd6 5. Bb5+ Bd7 6. Bxd7+ Nbxd7 7. O-O Nxe5
8. dxe5 Bxe5 9. c3 O-O 10. f4 Bd6 11. f5 c5 12. fxe6 fxe6 13. Nd2 Qe7 14. c4
Rae8 15. Qf3 Ne4 16. Qg4 Rf6 17. Nf3 Ref8 18. cxd5 exd5 19. Qh5 Bxh2+ 20. Kxh2
Rh6 21. Qxh6 gxh6 22. b3 Qd6+ 23. Kg1 Qg3 24. Ba3 Nd2 25. Nxd2 Qxe3+ 26. Kh2 Rf4
27. Nf3 Rf5 28. g4 Rxf3 29. Rxf3 Qxf3 30. Bxc5 Qe2+ 31. Kg3 Qe5+ 32. Kh4 Qxa1
33. Kh5 Qh1# 0-1

[Event "Challenge"]
[Site "http://www.queenalice.com/game.php?id=568771"]
[Date "2009.4.8"]
[Round "-"]
[White "Martin_Stahl"]
[Black "Vjdom"]
[Result "1-0"]
[WhiteElo "1736"]
[BlackElo "1537"]

1. c4 e5 2. Nc3 d6 3. d3 Nf6 4. g3 b5 5. Bg2 d5 6. Nxd5 Nxd5 7. Bxd5 c6 8. Bg2
bxc4 9. Nf3 e4 10. dxe4 Bb4+ 11. Bd2 Qa5 12. O-O c3 13. bxc3 Bxc3 14. Bxc3 Qxc3
15. Qd6 Nd7 16. Rac1 Qa5 17. Qxc6 Rb8 18. Qc3 Qxa2 19. Qxg7 Rf8 20. Ne5 Rb2 21.
Nxd7 Bxd7 22. Qe5+ Be6 23. Rc8+ Ke7 24. Qc7+ Bd7 25. Qc5+ Kf6 26. Rxf8 Rd2 27.
Rg8 Qe6 28. Qg5# 1-0

[Event "Challenge"]
[Site "http://www.queenalice.com/game.php?id=571861"]
[Date "2009.4.14"]
[Round "-"]
[White "edisonbater"]
[Black "Vjdom"]
[Result "0-1"]
[WhiteElo "1484"]
[BlackElo "1538"]

1. e4 e5 2. Nf3 Nc6 3. Bb5 Nd4 4. Nxd4 exd4 5. Qh5 g6 6. Qe5+ Ne7 7. Qxh8 c6 8.
Bc4 d5 9. Bd3 h5 10. Qxd4 Qc7 11. Nc3 c5 12. Qa4+ Bd7 13. Qb3 a5 14. a4 dxe4 15.
Nxe4 b6 16. O-O Bg7 17. Ng5 Be6 18. Nxe6 fxe6 19. Qxe6 Be5 20. Bxg6+ Kd8 21.
Bxh5 Bxh2+ 22. Kh1 Qf4 23. Qxb6+ Kc8 24. Qxc5+ Kd8 25. d3 Qh4 26. Qb5 Be5+ 27.
Kg1 Qh2# 0-1

[Event "Challenge"]
[Site "http://www.queenalice.com/game.php?id=571862"]
[Date "2009.4.14"]
[Round "-"]
[White "edisonbater"]
[Black "Vjdom"]
[Result "0-1"]
[WhiteElo "1515"]
[BlackElo "1522"]

1. e4 e5 2. Nf3 Nc6 3. Bb5 Nd4 4. Nxe5 Nxb5 5. Qh5 g6 6. Qf3 Nh6 7. d3 Bb4+ 8.
c3 d6 9. Nc4 Bg4 10. Qf4 g5 11. Qe3 Bc5 12. d4 d5 13. Ne5 Be6 14. dxc5 d4 15.
cxd4 Nxd4 16. Qd3 c6 17. O-O f5 18. Bxg5 Qxg5 19. Qxd4 Rd8 20. Qb4 Rg8 21. g3 f4
22. Qxb7 fxg3 23. Qxc6+ Bd7 24. Nxd7 gxh2+ 25. Kxh2 Qg2# 0-1

[Event "Challenge"]
[Site "http://www.queenalice.com/game.php?id=576362"]
[Date "2009.4.23"]
[Round "-"]
[White "Vjdom"]
[Black "HENRIQUE_L_AUAD"]
[Result "1-0"]
[WhiteElo "1574"]
[BlackElo "1390"]

1. e4 e5 2. Qf3 Nf6 3. Bc4 d6 4. d3 Nc6 5. Bg5 h6 6. Be3 Qe7 7. Nc3 Be6 8. Rd1
Bxc4 9. dxc4 O-O-O 10. Nd5 Nxd5 11. exd5 Nd4 12. Qh3+ f5 13. Ne2 Nxc2+ 14. Kd2
Nxe3 15. fxe3 g6 16. a4 b6 17. g4 Qf6 18. Rhf1 1-0

[Event "Challenge"]
[Site "http://www.queenalice.com/game.php?id=608262"]
[Date "2009.6.24"]
[Round "-"]
[White "Vjdom"]
[Black "filipewao"]
[Result "0-1"]
[WhiteElo "1600"]
[BlackElo "1570"]

1. d4 d5 2. e3 Nc6 3. Nc3 Bf5 4. Nf3 Nb4 5. Bb5+ c6 6. a3 Nxc2+ 7. Ke2 Nxa1 8.
Bd3 Bxd3+ 9. Qxd3 Nf6 10. a4 e6 11. Bd2 Nb3 12. Rd1 c5 13. Qb5+ Nd7 14. Qxb3 c4
15. Qb5 b6 16. e4 a6 17. Qc6 Rc8 18. Qb7 a5 19. Nb5 Be7 20. exd5 exd5 21. Qxd5
O-O 22. h4 Qe8 23. Be3 Rd8 24. Qxc4 Rc8 25. Qd5 Rc2+ 26. Rd2 Nf6 27. Qb3 Rxd2+
28. Nxd2 Bb4 29. Nc7 Qd7 30. Qc4 Qg4+ 31. Nf3 Qxg2 32. Qc6 Ng4 33. Ng5 Qxc6 34.
f3 Qc2+ 35. Kf1 Nxe3+ 36. Kg1 Qg2# 0-1

[Event "Challenge"]
[Site "http://www.queenalice.com/game.php?id=861823"]
[Date "2010.11.21"]
[Round "-"]
[White "Vjdom"]
[Black "kavalheiro"]
[Result "1-0"]
[WhiteElo "1585"]
[BlackElo "1496"]

1. e4 e6 2. d4 Qh4 3. Bd3 Nf6 4. g3 Bb4+ 5. c3 Qh5 6. f3 Ba5 7. e5 Nd5 8. h4 f5
9. Nh3 Nc6 10. g4 Qxh4+ 11. Nf2 Qg3 12. Nd2 Ne3 13. Qe2 Ng2+ 14. Kd1 Nf4 15. Qf1
Nd5 16. Nc4 Qxf3+ 17. Ke1 Nxd4 18. Rh3 Ne3 19. Bxe3 Qc6 20. Bxd4 Rf8 21. Rxh7
fxg4 22. Bg6+ Ke7 23. Rxg7+ Kd8 24. Be3 d5 25. Bg5+ Rf6 26. Bxf6# 1-0

[Event "vamos nessa?"]
[Site "http://www.queenalice.com/game.php?id=910134"]
[Date "2011.3.8"]
[Round "-"]
[White "Vjdom"]
[Black "kavalheiro"]
[Result "1-0"]
[WhiteElo "1613"]
[BlackElo "1520"]

1. e4 e5 2. d4 exd4 3. Qf3 Bb4+ 4. Nd2 Qg5 5. Bc4 f6 6. h4 Qg6 7. h5 Qh6 8. e5
fxe5 9. Qf7+ Kd8 10. a3 Be7 11. Ne4 g5 12. Nf3 Nf6 13. Bxg5 Rf8 14. Bxh6 Rxf7
15. Bxf7 Nxe4 16. Rh4 Nf6 17. Rd1 Nc6 18. Rh3 d5 19. Rg3 e4 20. Ng5 d3 21. cxd3
Ne5 22. dxe4 Nxe4 23. Rxd5+ Bd7 24. Ne6+ Kc8 25. Rg8+ Bd8 26. Rxd8# 1-0

[Event "Challenge"]
[Site "http://www.queenalice.com/game.php?id=915857"]
[Date "2011.3.22"]
[Round "-"]
[White "Vjdom"]
[Black "crisvolei"]
[Result "1-0"]
[WhiteElo "1597"]
[BlackElo "1600"]

1. e4 g5 2. c4 e5 3. Nf3 d6 4. d3 c6 5. Nxg5 Nh6 6. d4 d5 7. Na3 Qa5+ 8. Bd2 Bb4
9. Nb1 exd4 10. a3 c5 11. Qh5 O-O 12. cxd5 Na6 13. Bc4 Kg7 14. O-O Bxd2 15. d6
Bg4 16. Qh4 b5 17. Bd5 Rad8 18. e5 Be1 19. h3 Be2 20. Qe4 f5 21. Qxe2 Bb4 22.
Ne6+ Kg6 23. Nxf8+ Rxf8 24. e6 c4 25. e7 Re8 26. Qe6+ Kg5 27. f4+ Kh4 28. Qxh6+
Kg3 29. Qg5# 1-0

[Event "e vamos la..."]
[Site "http://www.queenalice.com/game.php?id=921076"]
[Date "2011.4.3"]
[Round "-"]
[White "kavalheiro"]
[Black "Vjdom"]
[Result "1-0"]
[WhiteElo "1499"]
[BlackElo "1625"]

1. e4 e5 2. Nf3 d6 3. Nc3 c5 4. Nd5 c4 5. Bxc4 Bd7 6. d3 b5 7. Bb3 a5 8. Bg5 f6
9. Bh4 a4 10. O-O Nc6 11. c4 a3 12. bxa3 g5 13. Bg3 h5 14. cxb5 h4 15. Bxh4 gxh4
16. h3 Na5 17. Bc2 f5 18. Ba4 fxe4 19. dxe4 Nc4 20. Rb1 Nxa3 21. Rb3 Rxa4 22. b6
Ne7 23. b7 Nb5 24. Qb1 Ra5 25. Ng5 Bh6 26. Nf6+ Kf8 27. Nf3 Ng6 28. Nxd7+ Ke8
29. Rxb5 Kxd7 30. b8=Q Nf4 31. Rb7+ Ke8 32. Qb6 Qxb8 33. Rxb8+ Kf7 34. Qc7+ Kg6
35. Qxd6+ Kh7 36. Rb7+ Kg8 37. Qd8+ Bf8 38. Qxa5 Rh7 39. Rb8 Rg7 40. Nxh4 Nxh3+
41. Kh1 Ng5 42. Qxe5 Nf7 43. Qe8 Kh8 44. Qxf8+ Kh7 45. Nf5 Rg6 46. Qxf7+ 1-0

[Event "Let's Play Chess!"]
[Site "http://www.queenalice.com/game.php?id=1363411"]
[Date "2015.6.4"]
[Round "-"]
[White "Vjdom"]
[Black "Bategoll"]
[Result "0-1"]
[WhiteElo "1598"]
[BlackElo "1901"]

1. e4 c5 2. d3 Nc6 3. Ne2 d6 4. Nbc3 e5 5. Nd5 Nf6 6. Nec3 Be7 7. Be3 Be6 8. Qf3
h6 9. a3 Nd4 10. Qd1 Bxd5 11. Nxd5 Nxd5 12. exd5 Nf5 13. Qg4 Nxe3 14. fxe3 Bh4+
15. g3 Bf6 16. Bh3 O-O 17. Rg1 Bg5 18. e4 b5 19. Rf1 a5 20. Rxf7 Rxf7 21. Ke2
Kh8 22. Rf1 Rxf1 23. Kxf1 Qe7 24. Ke2 b4 25. a4 Rf8 26. Bg2 Qf6 27. Bf3 g6 28.
h4 Bc1 29. h5 g5 30. b3 Bb2 31. Kf2 Bd4+ 32. Kg2 Kh7 33. Qd7+ Rf7 34. Qg4 Qe7
35. Be2 Qf8 36. Kh3 Rf2 37. Qd7+ Kh8 38. Bg4 Rxc2 39. Qa7 Rc3 40. Qxa5 Rxb3 41.
Be6 Rxd3 42. Qc7 Qe8 43. Kg4 b3 44. a5 b2 45. Qb7 Ra3 46. Kf5 Rxa5 47. Kf6 Qf8+
48. Kg6 Qe8+ 49. Bf7 Qf8 50. Be6 Qe8+ 51. Bf7 Rb5 52. Qc7 b1=Q 53. Bxe8 Qxe4+
54. Kf6 Qh7 55. Qxd6 e4+ 56. Ke6 Qg8+ 57. Bf7 Qc8+ 58. Ke7 Rb7+ 59. Qd7 Qxd7+
60. Kf8 Qxf7# 0-1

[Event "Let's Play Chess!"]
[Site "http://www.queenalice.com/game.php?id=1363412"]
[Date "2015.6.4"]
[Round "-"]
[White "Vjdom"]
[Black "Bategoll"]
[Result "0-1"]
[WhiteElo "1604"]
[BlackElo "1859"]

1. e4 c5 2. c4 e5 3. Nc3 Nc6 4. d3 Nf6 5. Nge2 Nd4 6. Ng3 Be7 7. Nf5 Nxf5 8. Bg5
Nd4 9. a3 d6 10. Qa4+ Qd7 11. O-O-O Qxa4 12. Nxa4 O-O 13. h4 Bd7 14. g3 Bxa4 15.
Rd2 Nb3+ 16. Kd1 Nxd2+ 17. Kxd2 Bd8 18. Bh3 Ba5+ 19. Ke3 h6 20. Bxf6 gxf6 21.
Rb1 a6 22. b3 Bc6 23. f4 exf4+ 24. gxf4 Bc3 25. Rc1 Bd4+ 26. Kd2 Kh8 27. Bf5 Rg8
28. Ke2 Rg2+ 29. Kf3 Rag8 30. Bg4 R2xg4 31. Ke2 Rxf4 32. Re1 Rxh4 33. Rf1 Rh2+
34. Ke1 Ra2 35. Rf3 Rg1+ 36. Rf1 Ra1+ 37. Ke2 Raxf1 38. e5 dxe5 39. b4 Rf2# 0-1

[Event "Challenge"]
[Site "http://www.queenalice.com/game.php?id=1642645"]
[Date "2021.2.5"]
[Round "-"]
[White "Vjdom"]
[Black "yy"]
[Result "0-1"]
[WhiteElo "1594"]
[BlackElo "1437"]

1. e4 e5 2. Nf3 d6 3. Nc3 Bg4 4. Bc4 c6 5. d3 Qf6 6. h4 Bxf3 7. gxf3 Be7 8. Bg5
Qg6 9. Qe2 Bxg5 10. hxg5 Qxg5 11. Rd1 Qg2 12. Rf1 h5 13. d4 f6 14. Bb3 h4 15.
Qc4 Ne7 16. Qf7+ Kd8 17. dxe5 fxe5 18. Rxd6+ Nd7 19. Qe6 Ke8 20. Qxd7+ Kf8 21.
Qxb7 Re8 22. Rxc6 Qxf3 23. Re6 h3 24. Rxe7 Rxe7 25. Qc8+ Re8 26. Qc5+ Re7 27.
Rg1 h2 28. Qc8+ Re8 29. Qc5+ Re7 30. Ne2 hxg1=Q+ 31. Nxg1 Qxe4+ 32. Ne2 g5 33.
Bd5 Qg4 34. Qe3 e4 35. Ng3 Rh3 36. Qc3 e3 37. Qf6+ Ke8 38. Qg6+ Kd8 39. Qd6+ Qd7
40. Qb8+ Qc8 41. Qd6+ Rd7 42. Qf6+ Kc7 43. Bg2 exf2+ 44. Kxf2 Rhh7 45. Qc6+ Kd8
46. Qf6+ Rde7 47. c3 Rf7 48. Qf3 Rxf3+ 49. Bxf3 Rf7 50. Ne4 Qf5 51. Nd2 g4 52.
b4 gxf3 53. a4 Qc2 54. Ke1 f2+ 55. Kf1 Qd3+ 56. Kg2 Qxd2 57. b5 f1=Q+ 58. Kg3
Qdf4# 0-1